000 00820nam a2200217 a 4500
999 _c11156
_d11156
001 11156
003 BD-JhCC
005 20190928085724.0
008 190604b20122019bg a|||| ||a| 000 0 ben d
020 _a9789849003977
035 _a(BD-JhCC)11156
040 _aBD-JhCC
_dBD-JhCC
041 _aben
082 _bBBC 2019
_a428.1
245 _aবিবিসি জানালা ইংরেজি শেখার বই:
_bমজায় মজায় শিখা /
_cসম্পাদনা: প্রথমা প্রকাশন ।
260 _aঢাকা:
_bপ্রথমা প্রকাশন;
_c২০১৯.
300 _a৭৬ পৃঃ . :
_bill;
_c২৬ সেমি.
650 _aEnglish Language
_xLeranning
700 _aপ্রকাশন, প্রথমা
942 _2ddc
_cBK